[Event "Manaus Regional Norte-ch"]
[Site "Manaus"]
[Date "2018.10.13"]
[Round "5"]
[White "Gutierrez, Enrique Alberto Sot"]
[Black "Fernandes, Emanuelly Nobrega"]
[Result "1-0"]
[WhiteElo "1884"]
[BlackElo "1398"]
[PlyCount "53"]
[EventDate "2018.10.11"]
[EventType "swiss"]
[EventRounds "7"]
[EventCountry "BRA"]
[SourceTitle "CBM 186 Extra"]
[Source "ChessBase"]
[SourceDate "2018.08.24"]
[SourceVersion "1"]
[SourceVersionDate "2018.08.24"]
[SourceQuality "1"]

1. d4 d5 2. c4 Nf6 3. cxd5 Nxd5 4. e4 Nb6 5. Nf3 e6 6. Be2 Bb4+ 7. Nc3 0-0 8. 0-0 Nc6 9. Be3 Bxc3 10. bxc3 Na5 11. Nd2 Bd7 12. c4 a6 13. Qc2 Nc8 14. Rac1 b5 15. c5 c6 16. Nf3 f5 17. Ne5 f4 18. Bd2 Ne7 19. Bxa5 Qxa5 20. Nxd7 Rfd8 21. Qb3 Re8 22. Qxe6+ Kh8 23. Ne5 Ng6 24. Nf7+ Kg8 25. Nh6+ Kh8 26. Qg8+ Rxg8 27. Nf7# 1-0

[Event "BRA-ch U14 Girls"]
[Site "Florianopolis"]
[Date "2018.04.30"]
[Round "4"]
[White "Kikuchi Cadilhac, Mariana Sawae"]
[Black "Fernandes, Emanuelly Nobrega"]
[Result "1-0"]
[WhiteElo "1626"]
[BlackElo "1447"]
[PlyCount "103"]
[EventDate "2018.04.28"]
[EventType "swiss"]
[EventRounds "6"]
[EventCountry "BRA"]
[SourceTitle "EXT 2021"]
[Source "ChessBase"]
[SourceDate "2020.10.23"]
[SourceVersion "1"]
[SourceVersionDate "2020.10.23"]
[SourceQuality "1"]

1. e4 c5 2. Nc3 Nc6 3. g3 g6 4. Bg2 Bg7 5. d3 e6 6. Nge2 Nge7 7. 0-0 0-0 8. Bf4 d6 9. Qd2 Re8 10. Bh6 Bh8 11. h4 a6 12. h5 b5 13. hxg6 hxg6 14. f3 d5 15. Kf2 dxe4 16. fxe4 b4 17. Nd1 Nd4 18. Rh1 Nxe2 19. Kxe2 Nc6 20. c3 bxc3 21. bxc3 e5 22. Bf8 Rxf8 23. Qh6 Nd4+ 24. cxd4 Bg4+ 25. Kd2 Qa5+ 26. Nc3 Bh5 27. d5 Bg7 28. Qg5 f6 29. Qh4 Bh6+ 30. Kc2 Be3 31. a4 Bd4 32. Ra3 Bxc3 33. Rxc3 Qxa4+ 34. Kd2 Qa2+ 35. Rc2 Qa5+ 36. Ke3 c4 37. g4 Qc5+ 38. Ke2 cxd3+ 39. Kxd3 Qd4+ 40. Ke2 Qa4 41. Rhc1 Qb5+ 42. Kd2 Qb4+ 43. Ke2 Qb5+ 44. Kf2 Qb6+ 45. Kf1 Qb5+ 46. Kg1 Qb6+ 47. Kh1 Rac8 48. Rxc8 Rxc8 49. Rxc8+ Kg7 50. gxh5 gxh5 51. Rc6 Qb1+ 52. Kh2 1-0

[Event "BRA-ch U14 Girls"]
[Site "Florianopolis"]
[Date "2018.04.29"]
[Round "3"]
[White "Bassi, Laura Emanuele Poho"]
[Black "Fernandes, Emanuelly Nobrega"]
[Result "1/2-1/2"]
[WhiteElo "1607"]
[BlackElo "1447"]
[PlyCount "112"]
[EventDate "2018.04.28"]
[EventType "swiss"]
[EventRounds "6"]
[EventCountry "BRA"]
[SourceTitle "EXT 2021"]
[Source "ChessBase"]
[SourceDate "2020.10.23"]
[SourceVersion "1"]
[SourceVersionDate "2020.10.23"]
[SourceQuality "1"]

1. e4 c5 2. Nc3 d6 3. Nf3 Nc6 4. Bc4 e5 5. h3 Be7 6. d3 Nf6 7. a3 a6 8. Nd5 b5 9. Nxf6+ Bxf6 10. Bd5 Bb7 11. c3 Qc7 12. 0-0 Ne7 13. Bxb7 Qxb7 14. Re1 0-0 15. Bg5 Bxg5 16. Nxg5 h6 17. Nf3 Rfd8 18. Qc2 Ng6 19. g3 d5 20. Nd2 c4 21. dxc4 dxc4 22. Re3 Qd7 23. Nf3 Qxh3 24. a4 Qg4 25. a5 Nf4 26. Nxe5 Nh3+ 27. Kf1 Qh5 28. Nf3 Ng5 29. Ng1 Qh1 30. Ke2 Nh3 31. Qc1 Rd3 32. Nxh3 Rxe3+ 33. Kxe3 Qxh3 34. Qh1 Qd7 35. Rd1 Qa7+ 36. Ke2 Re8 37. Qf3 Qe7 38. Rd4 Rd8 39. Qe3 Rxd4 40. Qxd4 Qc7 41. Ke3 Qxa5 42. f4 Qa1 43. Qd2 Qg1+ 44. Kf3 a5 45. Qd8+ Kh7 46. Qxa5 Qh1+ 47. Ke3 Qc1+ 48. Kd4 Qxb2 49. Kc5 Qf2+ 50. Kxb5 Qxg3 51. Kxc4 Qxf4 52. Qf5+ Qxf5 53. exf5 h5 54. Kd4 h4 55. Ke3 Kh6 56. c4 Kg5 1/2-1/2

[Event "BRA-ch U14 Girls"]
[Site "Florianopolis"]
[Date "2018.04.28"]
[Round "1"]
[White "Monteiro, Helen Ramazzotte"]
[Black "Fernandes, Emanuelly Nobrega"]
[Result "0-1"]
[WhiteElo "1055"]
[BlackElo "1447"]
[PlyCount "66"]
[EventDate "2018.04.28"]
[EventType "swiss"]
[EventRounds "6"]
[EventCountry "BRA"]
[SourceTitle "EXT 2021"]
[Source "ChessBase"]
[SourceDate "2020.10.23"]
[SourceVersion "1"]
[SourceVersionDate "2020.10.23"]
[SourceQuality "1"]

1. c4 Nf6 2. Nc3 e6 3. g3 d5 4. cxd5 exd5 5. Bg2 Be7 6. Nf3 0-0 7. 0-0 c6 8. d3 b6 9. Bd2 Nbd7 10. Qa4 b5 11. Qc2 Bb7 12. d4 Rc8 13. Qd3 a6 14. Rfc1 c5 15. dxc5 Nxc5 16. Qd4 Nce4 17. Nxe4 Rxc1+ 18. Rxc1 dxe4 19. Qxd8 Rxd8 20. Ba5 Re8 21. Ng5 h6 22. Rc7 Bd5 23. Nh3 Bd8 24. Ra7 Bxa5 25. Rxa6 Ra8 26. Rxa8+ Bxa8 27. Nf4 Bc7 28. Nh3 b4 29. b3 Nd7 30. Kf1 Ne5 31. Ng1 Bb6 32. f4 Ng4 33. Ke1 Bxg1 0-1

[Event "BRA-ch U14 Girls"]
[Site "Brasilia"]
[Date "2017.04.23"]
[Round "6"]
[White "Gomes, Sofia Leticia Pinz"]
[Black "Fernandes, Emanuelly Nobrega"]
[Result "1-0"]
[WhiteElo "1462"]
[BlackElo "1550"]
[PlyCount "65"]
[EventDate "2017.04.21"]
[EventType "swiss"]
[EventRounds "6"]
[EventCountry "BRA"]
[SourceTitle "CBM 177 Extra"]
[Source "ChessBase"]
[SourceDate "2017.04.27"]
[SourceVersion "1"]
[SourceVersionDate "2017.04.27"]
[SourceQuality "1"]

1. e4 d5 2. Nc3 d4 3. Nce2 e5 4. Nf3 Nc6 5. Ng3 h5 6. h3 h4 7. Ne2 Nf6 8. d3 Be6 9. Bg5 Be7 10. Bxh4 Bb4+ 11. c3 Be7 12. Bxf6 Bxf6 13. c4 Qd6 14. a3 0-0-0 15. Ng3 g5 16. Nd2 Qd7 17. Be2 Rdg8 18. Nf5 Ne7 19. g4 Bxf5 20. exf5 Rh6 21. Bf3 Rgh8 22. Bg2 Nxf5 23. gxf5 Qxf5 24. Qf3 Qxf3 25. Bxf3 Rxh3 26. Bg4+ Kb8 27. Rxh3 Rh4 28. Rxh4 gxh4 29. Ke2 Bg5 30. Rh1 f6 31. Ne4 c6 32. Nxg5 fxg5 33. Kf3 1-0

[Event "BRA-ch U14 Girls"]
[Site "Brasilia"]
[Date "2017.04.22"]
[Round "5"]
[White "Fernandes, Emanuelly Nobrega"]
[Black "Higuchi, Giulia Moser"]
[Result "1-0"]
[WhiteElo "1550"]
[BlackElo "1292"]
[PlyCount "115"]
[EventDate "2017.04.21"]
[EventType "swiss"]
[EventRounds "6"]
[EventCountry "BRA"]
[SourceTitle "CBM 177 Extra"]
[Source "ChessBase"]
[SourceDate "2017.04.27"]
[SourceVersion "1"]
[SourceVersionDate "2017.04.27"]
[SourceQuality "1"]

1. e4 e5 2. Nf3 Nc6 3. Bc4 Nf6 4. Ng5 d5 5. exd5 Nxd5 6. Nxf7 Kxf7 7. Qf3+ Ke8 8. Bxd5 Qe7 9. Bxc6+ bxc6 10. Qxc6+ Qd7 11. Qxa8 Bc5 12. Nc3 Kf7 13. Ne4 Rf8 14. Nxc5 Qd4 15. Qf3+ Kg8 16. Qb3+ Kh8 17. 0-0 Qxc5 18. d3 Qe7 19. Be3 a6 20. Rae1 Qf6 21. f4 e4 22. dxe4 Qg6 23. f5 Qg4 24. Qc3 Kg8 25. Rf4 Qg5 26. Ref1 Bb7 27. f6 gxf6 28. Rxf6 Rxf6 29. Bxg5 Rxf1+ 30. Kxf1 Bxe4 31. Qc4+ Kf8 32. Qxe4 h6 33. Bxh6+ Kf7 34. Qf4+ Ke6 35. Qxc7 Kd5 36. g4 Ke6 37. Qc5 Kf6 38. Qf5+ Ke7 39. Bg5+ Kd6 40. Bf4+ Ke7 41. Qg6 a5 42. Bg5+ Kd7 43. Qf6 a4 44. Qd4+ Ke6 45. Qxa4 Ke5 46. Qc6 Kd4 47. c3+ Kd3 48. Qb5+ Kc2 49. Qb3+ Kb1 50. Ke2 Ka1 51. Be7 Kb1 52. Ke1 Ka1 53. Bf6 Kb1 54. Qd1+ Kxa2 55. Qa4+ Kxb2 56. c4+ Kc1 57. Qa3+ Kc2 58. Qb2+ 1-0

[Event "Manaus Amazonas-ch"]
[Site "Manaus"]
[Date "2017.04.14"]
[Round "2"]
[White "Presa, Luis Alberto Passos"]
[Black "Fernandes, Emanuelly Nobrega"]
[Result "1-0"]
[WhiteElo "1739"]
[BlackElo "1668"]
[PlyCount "71"]
[EventDate "2017.04.13"]
[EventType "swiss"]
[EventRounds "7"]
[EventCountry "BRA"]
[SourceTitle "CBM 177 Extra"]
[Source "ChessBase"]
[SourceDate "2017.04.27"]
[SourceVersion "1"]
[SourceVersionDate "2017.04.27"]
[SourceQuality "1"]

1. d4 d5 2. Nf3 Nf6 3. b3 e6 4. Bb2 Bd6 5. e3 0-0 6. Nbd2 Nc6 7. c4 dxc4 8. Bxc4 Re8 9. 0-0 e5 10. dxe5 Nxe5 11. Bxe5 Bxe5 12. Nxe5 Rxe5 13. Nf3 Re8 14. Rc1 Qxd1 15. Rfxd1 Bg4 16. Be2 c6 17. h3 Bxf3 18. Bxf3 Rad8 19. Kf1 Rd7 20. Rxd7 Nxd7 21. Rd1 Ne5 22. Be2 h6 23. f4 Ng6 24. Kf2 Ne7 25. Bf3 Rc8 26. Rd7 Nd5 27. Rxb7 Rd8 28. Rxa7 Nb4 29. Ke2 c5 30. Be4 Rc8 31. a3 Na2 32. Kd2 c4 33. bxc4 g6 34. Bd5 Rb8 35. Ra8 Rf8 36. Kc2 1-0

[Event "Manaus Region-ch sf"]
[Site "Manaus"]
[Date "2015.11.01"]
[Round "5"]
[White "Fernandes, Emanuelly Nobrega"]
[Black "Silva, Leandro da Nobrega"]
[Result "0-1"]
[WhiteElo "1653"]
[BlackElo "1639"]
[PlyCount "56"]
[EventDate "2015.10.30"]
[EventType "swiss"]
[EventRounds "7"]
[EventCountry "BRA"]
[SourceTitle "CBM 169 Extra"]
[Source "ChessBase"]
[SourceDate "2015.12.18"]
[SourceVersion "1"]
[SourceVersionDate "2015.12.18"]
[SourceQuality "1"]

1. c4 e5 2. Nc3 Nf6 3. g3 Nc6 4. Bg2 Be7 5. Nf3 0-0 6. 0-0 Re8 7. d3 Bb4 8. Bd2 d6 9. a3 Bxc3 10. Bxc3 e4 11. dxe4 Nxe4 12. Bxg7 Kxg7 13. Nd4 Qf6 14. Nxc6 bxc6 15. Qd3 Bf5 16. f3 Nxg3 17. Qd2 Nxf1 18. Rxf1 Qe5 19. Re1 Rab8 20. Qg5+ Kh8 21. b4 Rg8 22. Qh5 Rg7 23. Qh4 Rbg8 24. Qf2 Bh3 25. Qf1 Rxg2+ 26. Qxg2 Rxg2+ 27. Kf1 Qe3 28. Rd1 Qxe2# 0-1